| 000 | 00941nam a22001817a 4500 | ||
|---|---|---|---|
| 005 | 20260127154256.0 | ||
| 008 | 230721b ||||| |||| 00| 0 eng d | ||
| 040 |
_cSSBUL _dSSBUL |
||
| 082 |
_223 _a၉၂၉.၉၂ ကြည် ၁၆၀၂၉ (S-SAT) |
||
| 100 |
_aကြည်မာ၊ _qတက္ကသိုလ်။ _928208 |
||
| 245 |
_aမြန်မာနိုင်ငံတော်အလံ / _cတက္ကသိုလ်ကြည်မာ။ |
||
| 260 |
_aရန်ကုန်၊ _bစာပေဗိမာန်၊ _c၁၉၇၀။ |
||
| 300 |
_a၆၄ စာမျက်နှာ၊ _bရုပ်ပုံများ၊ _c၁၈ စင်တီ။ |
||
| 440 |
_aစာပေဗိမာန်ထုတ်ပြည်သူ့လက်စွဲစာစဉ်။ _927757 |
||
| 500 | _aS-SAT: Dr. Prof Sai Aung Tun | ||
| 650 |
_aအလံများ _zမြန်မာနိုင်ငံ။ _928209 |
||
| 942 |
_2ddc _cBK1 |
||
| 999 |
_c27377 _d27377 |
||